000 01056nam a2200241 i 4500
001 67243
003 ES-MaACL
005 20250806062537.0
007 t|
008 040511s2004 sp ||||1| spa d
080 _a66-973(460.27 M.)(091)
100 1 _aCorella Suárez, Pilar.
_940582
245 1 0 _aTradición e innovación en la industria del frío
_b: de los pozos de nieve a las fábricas de hielo /
_cpor Pilar Corella Suárez.
260 _aMadrid :
_bAyuntamiento de Madrid, Concejalía de Gobierno de las Artes :
_bInstituto de Estudios Madrileños,
_c2004.
300 _a48 p. :
_bil. ;
_c21 cm.
490 1 _aCiclo de conferencias: Don Ramón de Mesonero Romanos y su tiempo ;
_v11
500 _aPrecede al tít.: Centro Mesonero Romanos.
650 1 4 _aNieve-
_xComercio-
_zMadrid (Comunidad Autónoma)-
_yS.XIX.
_915538
710 2 _aInstituto de Estudios Madrileños
_94916
830 0 _aCiclo de conferencias: Don Ramón de Mesonero Romanos y su tiempo ;
_v11
_9183143
852 _aES-MaACL
_j2175-F-14
_bR.133765
999 _c67243
_d67243